000 02118cam a22004574i 4500
003 PE-LiUPU
005 20250731172708.0
008 150617s r 000 0 d
035 _a(Sirsi) a10382
040 _aPE-LiUPU
_bspa
_cPE-LiUPU
_erda
049 _aPRUA
082 0 4 _a230
_bG99
_221
100 1 _aGuzzetti, G. Battista,
_eautor.
245 1 3 _aEl hombre ante Dios /
_cG. Battista Guzzetta.
264 1 _aBilbao :
_bMensajero,
_c1968.
300 _a295 páginas ;
_c22.5 cm.
336 _atext
_2rdacontent
337 _aunmediated
_2rdamedia
338 _avolume
_2rdacarrier
504 _aIncluye bibliografía.
505 0 _aEsbozo de historia de los hechos y de las doctrinas -- Los primitivos y el culto -- El culto en el mundo clásico -- El culto en el mundo hebreo -- Jesús y el culto -- Los apóstoles y el culto -- Los signos de la patrística y el culto -- El islamismo y el culto -- El protestantismo y el concilio de Trento -- De la contrarreforma a la reacción religiosa -- La reacción religiosa y los problemas de nuestro tiempo -- El hombre ante Dios -- El contenido del culto -- Las manifestaciones del culto -- Los tiempos del culto -- Los lugares del culto -- El culto al padre, al hijo y al Espíritu Santo -- El hombre y la santísima virgen -- El hombre y los santos -- La fe -- La esperanza -- La caridad -- El índice de libros prohibidos -- El juramento -- El voto.
526 _aSEG42
526 _aSEG41
526 _aSEG40
526 _aSEG39
526 _aP94
526 _aP87
526 _aP86
526 _aP85
526 _aP77
526 _aP76
526 _aP35
650 0 4 _aCulto.
910 _ajck
_bjvq
_cjck
_d20150616
942 _2ddc
_cBOOK
949 _a230 G99
_wDEWEY
_c1
_i12215
_lCCODEBUL1
_mBUL
_p00.00
_r0
_sY
_tBOOK
_u2015-04-21
_xTEOLOGIA
_PP35
_0COMPRA
_o.STAFF. Colección General
994 _aC0
_bPEPRU
596 _a1
999 _a230 G99
_wDEWEY
_c423
_i12215
_d423
_f2021-11-9
_g5
_lCCODEBUL1
_mBUL
_q2
_r0
_sY
_tBOOK
_u2015-4-21
_xTEOLOGIA
_PP35
_0COMPRA
_o.STAFF. Colección General
980 _81
_gALBERTO SANCHEZ Responsable de Automatización